000 004680000a22001810004500
003 MACL
005 20151229131339.0
008 151229b xxu||||| |||| 00| 0 eng d
040 _aMACL
_cMACL
041 _aEnglish
082 _a133.561/BHA
100 _aBharadwaj, Balchand Mangaldas
_923814
245 _aAstrology of Annual Readings
260 _blakshmi Book Store
_aNew Delhi
350 _a2.25
650 _aAstrology
_95686
942 _cBK
_k133.5610/BHA
_2ddc
999 _c37678
_d37678